[Event "FSV-ch 2014"]
[Site "Offene VM 2014"]
[Date "2014.03.20"]
[Round "2.5"]
[White "Orlowski, Wilfried"]
[Black "Begna, Bozidar"]
[Result "0-1"]
[WhiteElo "1566"]
[BlackElo "1932"]
[PlyCount "86"]
[EventDate "2014.??.??"]
[Source "Pit Schulenburg"]
[SourceDate "2014.03.06"]

1. Nf3 Nf6 2. g3 b5 3. Bg2 Bb7 4. d3 e6 5. e4 d6 6. O-O Be7 7. c3 O-O 8. Re1
Nbd7 9. Nbd2 c5 10. e5 dxe5 11. Qe2 Rb8 12. Nxe5 Nxe5 13. Qxe5 Bxg2 14. Kxg2
Qxd3 15. Nb3 Qd5+ 16. Qxd5 Nxd5 17. c4 Nb4 18. Re2 Nd3 19. cxb5 Rxb5 20. Be3 a5
21. Rd1 c4 22. Nd4 Rxb2 23. Rxb2 Nxb2 24. Rc1 Rc8 25. Rc2 Nd3 26. Kf1 Bf6 27.
Nb3 Nb4 28. Rc1 Bb2 29. Rb1 cxb3 30. axb3 Ba3 31. Bb6 Nc6 32. Rd1 Bb4 33. Ke2
Kf8 34. Rd7 Ke8 35. Rb7 Rb8 36. Rxb8+ Nxb8 37. Kd3 Kd7 38. Kc4 Kc6 39. Bd4 f6
40. g4 Nd7 41. f4 e5 42. Be3 exf4 43. Bxf4 Ne5+ 0-1

[Event "FSV-ch 2014"]
[Site "Offene VM 2014"]
[Date "2014.03.20"]
[Round "2.6"]
[White "Lauche, Christoph"]
[Black "Boeck, Matthias"]
[Result "1-0"]
[WhiteElo "1907"]
[BlackElo "1670"]
[PlyCount "61"]
[EventDate "2014.??.??"]
[Source "Pit Schulenburg"]
[SourceDate "2014.03.06"]

1. d4 g6 2. c4 Bg7 3. Nc3 f5 4. h4 Nf6 5. h5 d6 6. h6 Bf8 7. Nf3 c6 8. Qc2 Qc7
9. Bg5 Nbd7 10. e4 fxe4 11. Nxe4 Nxe4 12. Qxe4 Qa5+ 13. Bd2 Qb6 14. O-O-O Nf6
15. Qc2 Qa6 16. Kb1 Ne4 17. Be3 b5 18. Ka1 d5 19. cxb5 cxb5 20. Qb3 Nd6 21.
Qxd5 Rb8 22. Ng5 Bb7 23. Qe5 Rc8 24. Bd3 Nc4 25. Bxc4 bxc4 26. d5 c3 27. d6
cxb2+ 28. Kxb2 Bc6 29. dxe7 Bxe7 30. Qxh8+ Bf8 31. Rhe1 1-0

[Event "FSV-ch 2014"]
[Site "Offene VM 2014"]
[Date "2014.03.20"]
[Round "2.7"]
[White "Jost, Udo"]
[Black "Dieckmann, Rudolf"]
[Result "0-1"]
[WhiteElo "1851"]
[BlackElo "1616"]
[PlyCount "70"]
[EventDate "2014.??.??"]
[Source "Pit Schulenburg"]
[SourceDate "2014.03.06"]

1. e4 c5 2. Nf3 Nc6 3. a3 d6 4. Bc4 g6 5. Ng5 e6 6. f4 h6 7. Nxf7 Kxf7 8. f5
Qh4+ 9. Kf1 Qxe4 10. fxg6+ Kg7 11. d3 Qf5+ 12. Kg1 d5 13. Ba2 Bd6 14. Nd2 Nge7
15. h4 Rf8 16. Rh3 Qf2+ 17. Kh1 Nd4 18. Qg1 Qxg1+ 19. Kxg1 Ne2+ 20. Kh1 Ng3+
21. Kg1 Bd7 22. h5 Ne2+ 23. Kh1 Rf2 24. Rf3 Rf8 25. b4 R8xf3 26. Bb2+ d4 27.
Nxf3 Nf5 28. bxc5 Nfg3+ 29. Kh2 Nf1+ 30. Kh1 Bxc5 31. Re1 Nfg3+ 32. Kh2 Bc6 33.
Nxd4 Rxg2+ 34. Kh3 Nf4+ 35. Kg4 Ngxh5+ 0-1

[Event "FSV-ch 2014"]
[Site "Offene VM 2014"]
[Date "2014.03.20"]
[Round "2.8"]
[White "Benke, Werner"]
[Black "Zachos, Ingo"]
[Result "0-1"]
[WhiteElo "1534"]
[BlackElo "1836"]
[PlyCount "72"]
[EventDate "2014.??.??"]
[Source "Pit Schulenburg"]
[SourceDate "2014.03.06"]

1. d4 d6 2. Nf3 Nf6 3. Bf4 g6 4. Nbd2 Bg7 5. h3 O-O 6. e3 Nbd7 7. Be2 c5 8. c3
a6 9. a4 b6 10. O-O Bb7 11. Nh2 Rc8 12. Rc1 Rc7 13. Bf3 Nd5 14. Bg3 b5 15. dxc5
Nxc5 16. axb5 axb5 17. Nb3 Nf6 18. Nd4 Qb8 19. Bxb7 Qxb7 20. Nhf3 b4 21. c4
Rcc8 22. b3 Ra8 23. Qc2 Ra3 24. Ra1 Rfa8 25. Rxa3 bxa3 26. Ra1 Nfe4 27. Ra2
Nxg3 28. fxg3 Qb4 29. Qd2 Na6 30. Qc1 Nc5 31. Qc2 e5 32. Nb5 Nxb3 33. Nxd6 Qxd6
34. Qxb3 e4 35. Nd4 Qxg3 36. Rxa3 Qe1+ 0-1

[Event "FSV-ch 2014"]
[Site "Offene VM 2014"]
[Date "2014.03.20"]
[Round "2.9"]
[White "Schütz, Ralf"]
[Black "Reinacher, Detlev"]
[Result "1/2-1/2"]
[WhiteElo "1831"]
[BlackElo "1565"]
[PlyCount "66"]
[EventDate "2014.??.??"]
[Source "Pit Schulenburg"]
[SourceDate "2014.03.06"]

1. e4 d6 2. d4 g6 3. Nc3 Bg7 4. Be3 Nf6 5. Qd2 O-O 6. f3 Nbd7 7. h4 e5 8. d5
Re8 9. g4 h5 10. O-O-O hxg4 11. h5 Nxh5 12. fxg4 Ng3 13. Rh3 Nxf1 14. Rxf1 Nf8
15. Rhf3 f6 16. Bh6 Bxg4 17. Bxg7 Kxg7 18. Rxf6 Qxf6 19. Rxf6 Kxf6 20. Qh6 Bh5
21. Qh8+ Kg5 22. Qg7 Rad8 23. Qxc7 Rd7 24. Qc4 Ree7 25. Qd3 Nh7 26. Qe3+ Kf6
27. Qxa7 Kg7 28. Nge2 Bxe2 29. Nxe2 Rf7 30. Kd2 Ng5 31. Qe3 Nf3+ 32. Kc3 Ne1
33. Kd2 Nf3+ 1/2-1/2

[Event "FSV-ch 2014"]
[Site "Offene VM 2014"]
[Date "2014.03.20"]
[Round "2.10"]
[White "Reker, Gerhard"]
[Black "Reschop, Romano"]
[Result "0-1"]
[WhiteElo "861"]
[BlackElo "1704"]
[PlyCount "60"]
[EventDate "2014.??.??"]
[Source "Pit Schulenburg"]
[SourceDate "2014.03.06"]

1. e4 c5 2. Nf3 Nc6 3. d3 d6 4. Nc3 Nf6 5. Bg5 e6 6. Qd2 Be7 7. O-O-O a6 8. Kb1
O-O 9. h4 b5 10. h5 b4 11. Na4 Nd7 12. h6 Bxg5 13. Qxg5 Qxg5 14. Nxg5 g6 15. b3
Nd4 16. Nb2 d5 17. f3 Nb6 18. exd5 exd5 19. g4 f6 20. Nh3 Nxf3 21. Nf4 g5 22.
Bg2 Bxg4 23. Rhf1 Nh4 24. Bxd5+ Nxd5 25. Nxd5 Bxd1 26. Nxf6+ Rxf6 27. Rxf6 Bf3
28. Nc4 g4 29. Nd6 Rf8 30. Re6 Nf5 0-1

[Event "FSV-ch 2014"]
[Site "Offene VM 2014"]
[Date "2014.03.20"]
[Round "2.11"]
[White "Sack, Thomas"]
[Black "Herrmann, Rudolf"]
[Result "1-0"]
[WhiteElo "1852"]
[BlackElo "1356"]
[PlyCount "101"]
[EventDate "2014.??.??"]
[Source "Pit Schulenburg"]
[SourceDate "2014.03.06"]

1. d4 d5 2. f3 Nf6 3. e4 dxe4 4. Nc3 c6 5. Bc4 Bf5 6. g4 Bg6 7. fxe4 Bxe4 8.
Nxe4 Nxe4 9. Qf3 Qa5+ 10. c3 Ng5 11. Bxg5 Qxg5 12. Bxf7+ Kd8 13. Be6 Qh4+ 14.
Ke2 Nd7 15. Qf5 Nf6 16. Nf3 Qh3 17. Ne5 Qg2+ 18. Kd3 Nd5 19. Nf7+ Kc7 20. Qe5+
Kb6 21. Nxh8 Qf3+ 22. Kc2 Qf2+ 23. Kb3 a5 24. a4 Ne3 25. Rae1 Qc2+ 26. Ka3 Nd5
27. Bxd5 e6+ 28. Ka2 exd5 29. Nf7 Qxa4+ 30. Kb1 Qb3 31. Rhf1 a4 32. Nd6 a3 33.
Re2 Rd8 34. Ne8 Ra8 35. Qc7+ Ka6 36. Rc2 Rxe8 37. Rfc1 Re3 38. Rf2 h6 39. Qb8
Bb4 40. Qa8+ Kb6 41. cxb4 Qxb4 42. Ka2 Qb3+ 43. Ka1 Qd3 44. Qd8+ Ka6 45. Qa8+
Kb6 46. bxa3 Qxd4+ 47. Rb2+ Rb3 48. Rcb1 Rxb2 49. Rxb2+ Kc7 50. Qxb7+ Kd8 51.
Qb6+ 1-0

[Event "FSV-ch 2014"]
[Site "Offene VM 2014"]
[Date "2014.03.27"]
[Round "2.12"]
[White "Bommert, Christian"]
[Black "Jentzsch, Werner W"]
[Result "1-0"]
[WhiteElo "1770"]
[BlackElo "1322"]
[PlyCount "79"]
[EventDate "2014.??.??"]
[Source "Pit Schulenburg"]
[SourceDate "2014.03.06"]

1. f4 d5 2. Nf3 Nc6 3. g3 Nf6 4. Bg2 Bf5 5. d3 e6 6. O-O Bc5+ 7. e3 Ng4 8. Qe2
Qe7 9. a3 O-O-O 10. b4 Bb6 11. h3 Nf6 12. Nc3 d4 13. Na4 dxe3 14. Nxb6+ cxb6
15. Bxe3 Nd5 16. Bd2 h6 17. g4 Bh7 18. b5 Nb8 19. Ne5 Nd7 20. Nc4 Qc5+ 21. Kh2
Rhf8 22. Be1 Kb8 23. Bg3 Ka8 24. a4 Nc3 25. Qf3 Nd5 26. a5 f6 27. axb6 N7xb6
28. Bf2 Qc7 29. Ra2 Rf7 30. Rfa1 Kb8 31. Rxa7 Kc8 32. Nxb6+ Nxb6 33. Qe3 Rd6
34. Rxb7 Qxb7 35. Bxb7+ Rxb7 36. c4 Rbd7 37. f5 e5 38. Ra6 Kb7 39. Rxb6+ Rxb6
40. Qxb6+ 1-0

[Event "FSV-ch 2014"]
[Site "Offene VM 2014"]
[Date "2014.03.20"]
[Round "2.13"]
[White "Jähnicke, Karl-Heinz"]
[Black "Vogt, Christian"]
[Result "1-0"]
[WhiteElo "1743"]
[BlackElo "1538"]
[PlyCount "76"]
[EventDate "2014.??.??"]
[Source "Pit Schulenburg"]
[SourceDate "2014.03.06"]

1. d4 Nf6 2. c4 e6 3. Nf3 b6 4. Nc3 Bb4 5. Bg5 Bb7 6. e3 h6 7. Bh4 O-O 8. Bd3
d5 9. cxd5 exd5 10. Ne5 Qd6 11. O-O Bxc3 12. bxc3 Ba6 13. Bxa6 Nxa6 14. Bxf6
gxf6 15. Ng4 f5 16. Ne5 Nb8 17. Qh5 Qf6 18. f4 Rd8 19. Rf3 Kf8 20. Rg3 Nd7 21.
Rf1 Ke7 22. Rh3 Rh8 23. Kh1 Rag8 24. Qf3 Qd6 25. c4 c6 26. Qh5 Qe6 27. cxd5
cxd5 28. Rc1 Nxe5 29. dxe5 Rc8 30. Qh4+ Kd7 31. Rd1 Rc3 32. e4 Rxh3 33. Qxh3
fxe4 34. Rxd5+ Ke7 35. Qh4+ Kf8 36. Rd6 Qxa2 37. Rd8+ Kg7 38. Qf6+ Kh7 1-0

[Event "FSV-ch 2014"]
[Site "Offene VM 2014"]
[Date "2014.03.20"]
[Round "2.14"]
[White "Kirmes, Hans-Uwe"]
[Black "Baier, Jörg"]
[Result "1-0"]
[WhiteElo "1291"]
[BlackElo "1532"]
[PlyCount "55"]
[EventDate "2014.??.??"]
[Source "Pit Schulenburg"]
[SourceDate "2014.03.06"]

1. e4 e5 2. Nf3 Nf6 3. Bc4 Bc5 4. d3 Nc6 5. c3 d6 6. Bb3 Qe7 7. Nbd2 Bd7 8. h3
h6 9. Nf1 Nh5 10. g3 f5 11. Nxe5 Nf6 12. Ng6 Bxf2+ 13. Kxf2 Nxe4+ 14. dxe4 Qxe4
15. Qe2 Qxe2+ 16. Kxe2 O-O-O 17. Nxh8 Rxh8 18. Ne3 Rf8 19. Bc2 Ne5 20. b3 f4
21. gxf4 Rxf4 22. Ng2 Rf3 23. Rf1 Rxf1 24. Kxf1 Bxh3 25. Kf2 g5 26. Ne3 Kd8 27.
Bd2 Nf7 28. Bf5 1-0

[Event "FSV-ch 2014"]
[Site "Offene VM 2014"]
[Date "2014.03.20"]
[Round "2.15"]
[White "Mokros, Jürgen"]
[Black "Heinz, Hans-Werner"]
[Result "1-0"]
[WhiteElo "1532"]
[BlackElo "1211"]
[PlyCount "57"]
[EventDate "2014.??.??"]
[Source "Pit Schulenburg"]
[SourceDate "2014.03.06"]

1. d4 d5 2. Nf3 Nf6 3. e3 e6 4. Bd3 Bd6 5. Nbd2 Nbd7 6. O-O O-O 7. Re1 c5 8. c3
c4 9. Bc2 b5 10. e4 dxe4 11. Nxe4 Nxe4 12. Bxe4 Rb8 13. Bg5 f6 14. Bh4 g5 15.
Nxg5 fxg5 16. Qh5 Rf7 17. Bxg5 Be7 18. Bxh7+ Rxh7 19. Qg6+ Rg7 20. Qxe6+ Kf8
21. Bh6 Nf6 22. Bxg7+ Kxg7 23. Qxe7+ Qxe7 24. Rxe7+ Kg6 25. Rxa7 Bf5 26. Re1
Nd5 27. Re5 Nf4 28. Ra6+ Kg5 29. h4+ 1-0

[Event "FSV-ch 2014"]
[Site "Offene VM 2014"]
[Date "2014.03.20"]
[Round "2.16"]
[White "Tautz, Eugen"]
[Black "Nettbohl, Werner"]
[Result "1/2-1/2"]
[WhiteElo "1375"]
[BlackElo "1497"]
[PlyCount "38"]
[EventDate "2014.??.??"]
[Source "Pit Schulenburg"]
[SourceDate "2014.03.06"]

1. c4 e5 2. Nc3 Nc6 3. e3 g6 4. Nf3 Bg7 5. d4 exd4 6. exd4 d6 7. Be2 Nf6 8. Bg5
h6 9. Bh4 Bf5 10. O-O g5 11. Bg3 Ne4 12. Nxe4 Bxe4 13. Re1 O-O 14. Bd3 Bxf3 15.
Qxf3 Nxd4 16. Qe4 f5 17. Qd5+ Kh8 18. f3 Qc8 19. Bf2 Nc6 1/2-1/2

[Event "FSV-ch 2014"]
[Site "Offene VM 2014"]
[Date "2014.03.20"]
[Round "2.17"]
[White "Yangibayev, Rustam"]
[Black "Kawka, Bogdan"]
[Result "1-0"]
[WhiteElo "1495"]
[BlackElo "1279"]
[PlyCount "77"]
[EventDate "2014.??.??"]
[Source "Pit Schulenburg"]
[SourceDate "2014.03.06"]

1. Nf3 Nf6 2. d4 d5 3. Bf4 Nc6 4. e3 a6 5. c4 e6 6. Nc3 Ne4 7. Qc2 Bb4 8. a3
Bxc3+ 9. bxc3 O-O 10. Bd3 f5 11. O-O Ne7 12. Ne5 c6 13. c5 Qe8 14. f3 Nf6 15.
e4 Nh5 16. Bg5 Ng6 17. Nxg6 Qxg6 18. Be7 Rf7 19. exf5 exf5 20. Rfe1 Be6 21. Bd6
Re8 22. Rab1 Qg5 23. c4 g6 24. cxd5 cxd5 25. Rb6 Bd7 26. Qc3 Rxe1+ 27. Qxe1 Bc6
28. Bxa6 Nf6 29. Bf1 Nd7 30. Rb1 Qf6 31. Qe3 Qd8 32. Bb5 Nb8 33. Bxc6 Nxc6 {(=)
} 34. Rb6 Rf6 35. Rxb7 Qc8 36. Rc7 Qa8 37. h3 f4 38. Bxf4 Qf8 39. Bd6 1-0

[Event "FSV-ch 2014"]
[Site "Offene VM 2014"]
[Date "2014.03.20"]
[Round "2.18"]
[White "Winkler, Harald"]
[Black "Zabel, Reinhard"]
[Result "0-1"]
[WhiteElo "1352"]
[BlackElo "1487"]
[PlyCount "114"]
[EventDate "2014.??.??"]
[Source "Pit Schulenburg"]
[SourceDate "2014.03.06"]

1. c4 c5 2. Nf3 Nf6 3. Nc3 Nc6 4. g3 g6 5. Bg2 Bg7 6. d3 O-O 7. a3 d6 8. O-O
Rb8 9. Qc2 a6 10. Rb1 b5 11. b3 Bd7 12. e4 Re8 13. Bd2 e5 14. Rfe1 Bg4 15. Be3
Bxf3 16. Bxf3 Nd4 17. Bxd4 exd4 18. Nd5 Nxd5 19. exd5 Re5 20. Bg2 Qe7 21. Kf1
Re8 22. Qd1 Qf6 23. Qc2 Qe7 24. Qd1 Qb7 25. Qc2 Qb8 26. f4 R5e7 27. Rxe7 Rxe7
28. Re1 Re3 29. Kf2 Rxe1 30. Kxe1 b4 31. a4 Qe8+ 32. Qe2 Qe3 33. Qxe3 dxe3 34.
Ke2 Bd4 35. Kf3 Kg7 36. a5 f5 37. Bf1 Kf6 38. h3 h6 39. g4 g5 40. gxf5 Kxf5 41.
fxg5 hxg5 42. Bg2 Ke5 43. Ke2 Kf4 44. Be4 Bf6 45. Bg6 Bd8 46. Bh5 Bxa5 47. Bg4
Bd8 48. Kd1 Bf6 49. Ke2 Bd4 50. Be6 Bc3 51. Bc8 a5 52. Bd7 Bd2 53. Ba4 Ke5 54.
Kd1 Kd4 55. Kc2 Bc3 56. Kd1 Kxd3 57. Bd7 e2+ 0-1

[Event "FSV-ch 2014"]
[Site "Offene VM 2014"]
[Date "2014.03.20"]
[Round "2.19"]
[White "Zhang, Jingfu"]
[Black "Rabe, Mark"]
[Result "1-0"]
[WhiteElo "1453"]
[BlackElo "1047"]
[PlyCount "67"]
[EventDate "2014.??.??"]
[Source "Pit Schulenburg"]
[SourceDate "2014.03.06"]

1. e4 e5 2. Nf3 Nc6 3. Bb5 Nf6 4. O-O Bc5 5. d3 O-O 6. Bg5 h6 7. Bh4 Be7 8.
Bxc6 bxc6 9. Nxe5 Bb7 10. Re1 d5 11. exd5 Nxd5 12. Bxe7 Nxe7 13. d4 Nd5 14. c4
Nf4 15. Re4 Qg5 16. Qg4 Qxg4 17. Nxg4 Nd3 18. Re7 Rae8 19. Rxe8 Rxe8 20. Nd2
Re2 21. Nb3 Nxb2 22. Kf1 Re8 23. Nd2 Nd3 24. Rb1 f6 25. Ne3 Nf4 26. Rxb7 Rd8
27. Nf3 g6 28. Rxc7 Rb8 29. Ke1 Rb1+ 30. Kd2 Rb2+ 31. Kc3 Rxa2 32. Rxc6 Kf7 33.
Ng4 Kg7 34. Rc7+ 1-0

[Event "FSV-ch 2014"]
[Site "Offene VM 2014"]
[Date "2014.03.20"]
[Round "2.20"]
[White "Hast, Stefan"]
[Black "Schirmer, Michael"]
[Result "1-0"]
[WhiteElo "1240"]
[BlackElo "1452"]
[PlyCount "51"]
[EventDate "2014.??.??"]
[Source "Pit Schulenburg"]
[SourceDate "2014.03.06"]

1. e4 Nf6 2. Nc3 d5 3. exd5 Nxd5 4. Nxd5 Qxd5 5. Nf3 g6 6. g3 e5 7. Bg2 Bg7 8.
O-O Bg4 9. d4 e4 10. c4 Qh5 11. Qb3 O-O 12. Ng5 Nc6 13. Qxb7 Nxd4 14. Qxe4 Ne2+
15. Kh1 Nxc1 16. Qc2 Rae8 17. Qxc1 Bh6 18. f4 Bxg5 19. fxg5 Re2 20. b3 Rfe8 21.
Qf4 R8e7 22. Rad1 R2e6 23. Bd5 Bf5 24. Bxe6 Rxe6 25. Rd8+ Kg7 26. Qd4+ 1-0

[Event "FSV-ch 2014"]
[Site "Offene VM 2014"]
[Date "2014.03.20"]
[Round "2.21"]
[White "Jürgens, Ulrich"]
[Black "Link, Werner"]
[Result "0-1"]
[WhiteElo "1096"]
[BlackElo "1444"]
[PlyCount "88"]
[EventDate "2014.??.??"]
[Source "Pit Schulenburg"]
[SourceDate "2014.03.06"]

1. Nf3 d5 2. d4 Nf6 3. a3 g6 4. Nc3 Bg7 5. g3 O-O 6. Bg2 c6 7. b4 a6 8. Qd3
Nbd7 9. e4 dxe4 10. Nxe4 Nxe4 11. Qxe4 Nf6 12. Qd3 Bf5 13. Qd2 Ne4 14. Qe3 Nf6
15. c3 Qd7 16. O-O Nd5 17. Qd2 Rfe8 18. Re1 Rad8 19. Ne5 Qc7 20. c4 Nb6 21. Bf1
Nd7 22. Qf4 Nxe5 23. dxe5 c5 24. b5 Rd4 25. Qe3 Re4 26. Qd2 Qxe5 27. Bb2 Qxb2
28. Qxb2 Bxb2 29. Rad1 Rxe1 30. Rxe1 Bxa3 31. Ra1 Bb4 32. bxa6 bxa6 33. Rxa6
Rd8 34. Ra7 e6 35. Kg2 Bd3 36. Ra1 Bxf1+ 37. Rxf1 Rd2 38. Rc1 Kg7 39. h4 h5 40.
Kf1 Kf6 41. f4 Rd3 42. Kg2 Rc3 43. Rxc3 Bxc3 44. Kf3 Kf5 0-1

[Event "FSV-ch 2014"]
[Site "Offene VM 2014"]
[Date "2014.03.20"]
[Round "2.22"]
[White "Gerke, Dieter"]
[Black "Wilkins, Petra"]
[Result "0-1"]
[WhiteElo "1423"]
[BlackElo "957"]
[PlyCount "97"]
[EventDate "2014.??.??"]
[Source "Pit Schulenburg"]
[SourceDate "2014.03.06"]

1. d4 d6 2. e4 Nf6 3. Nc3 c6 4. Bc4 b5 5. Bd3 g6 6. Nge2 Bg7 7. f4 Bg4 8. O-O
O-O 9. Qe1 Nbd7 10. f5 Nh5 11. Be3 e6 12. h3 Bxe2 13. Nxe2 e5 14. g4 Nhf6 15.
c3 d5 16. Ng3 Qe7 17. g5 exd4 18. cxd4 dxe4 19. Bf4 Rae8 20. gxf6 Qxf6 21. Bxe4
Qxd4+ 22. Be3 Qxb2 23. Rd1 Nf6 24. Bd4 Qxa2 25. Bxf6 Bxf6 26. fxg6 fxg6 27.
Rxf6 Rxf6 28. Bd5+ cxd5 29. Qxe8+ Kg7 30. Qe7+ Rf7 31. Qe5+ Kg8 32. Ne2 Qc2 33.
Rc1 Qf5 34. Qg3 a5 35. Nd4 Qd7 36. Nc6 Rf8 37. Ne5 Qa7+ 38. Kh1 d4 39. Qb3+ Kg7
40. Qxb5 Qa8+ 41. Nc6 a4 42. Qe5+ Kg8 43. Kg1 d3 44. Qe6+ Kg7 45. Qd7+ Kg8 46.
Ne7+ Kg7 47. Nf5+ Kf6 48. Nd6 d2 49. Ne4+ 0-1

[Event "FSV-ch 2014"]
[Site "Offene VM 2014"]
[Date "2014.03.20"]
[Round "2.23"]
[White "Schmidt, Andreas N"]
[Black "Haufe, Sven"]
[Result "0-1"]
[WhiteElo "1021"]
[BlackElo "1415"]
[PlyCount "100"]
[EventDate "2014.??.??"]
[Source "Pit Schulenburg"]
[SourceDate "2014.03.06"]

1. e4 e5 2. d4 exd4 3. c3 dxc3 4. Bc4 cxb2 5. Bxb2 d5 6. Bxd5 Nf6 7. Bxf7+ Kxf7
8. Qxd8 Bb4+ 9. Qd2 Bxd2+ 10. Nxd2 Re8 11. f3 Nc6 12. Ne2 Ne5 13. O-O b6 14.
Rac1 c5 15. Bxe5 Rxe5 16. Nc4 Re6 17. Nf4 Re7 18. e5 Ne8 19. Rfe1 Nc7 20. Re2
Be6 21. Nd6+ Kf8 22. Nh5 g6 23. Nf6 Kg7 24. g4 Nd5 25. g5 Nf4 26. Re4 Nh3+ 27.
Kg2 Nxg5 28. Rh4 h6 29. f4 Nf7 30. Rg1 Bxa2 31. Nxf7 Bxf7 32. Kf2 Be6 33. Ne4
a5 34. Nd6 Kh7 35. Ne4 a4 36. Nf6+ Kg7 37. Nh5+ Kf7 38. Nf6 {(=)} 38... Rh8 39.
Ng4 Kg7 40. Ne3 Rf8 41. Rh5 Kh7 42. Rh4 a3 43. Nc2 a2 44. Na1 b5 45. Ke2 b4 46.
Kd2 Ref7 47. f5 Rxf5 48. Re4 Rf2+ 49. Re2 Rxe2+ 50. Kxe2 b3 0-1

[Event "FSV-ch 2014"]
[Site "Offene VM 2014"]
[Date "2014.03.27"]
[Round "3.1"]
[White "Nachbar, Benjamin"]
[Black "Begna, Bozidar"]
[Result "1/2-1/2"]
[WhiteElo "2133"]
[BlackElo "1932"]
[PlyCount "120"]
[EventDate "2014.??.??"]
[Source "Pit Schulenburg"]
[SourceDate "2014.03.06"]

1. d4 Nf6 2. c4 e6 3. Nc3 Bb4 4. f3 Nh5 5. Nh3 Qh4+ 6. Nf2 f5 7. e3 c5 8. Be2
O-O 9. O-O cxd4 10. Qxd4 Qe7 11. a3 Bc5 12. Qd2 f4 13. exf4 Nxf4 {(=)} 14. Nce4
Bb6 15. g3 Nxe2+ 16. Qxe2 d5 17. Bg5 Qc7 18. c5 Bxc5 19. Nxc5 Qxc5 20. Rac1 Qb6
21. Be7 Re8 22. Bc5 Qd8 23. Rfe1 Nc6 24. f4 Bd7 25. Ng4 Rc8 26. Ne5 Nxe5 27.
Qxe5 Qf6 28. Bxa7 Qxe5 29. fxe5 Rxc1 30. Rxc1 Rc8 31. Rxc8+ Bxc8 32. Kf2 Kf7
33. Ke3 Kg6 34. g4 Kg5 35. Kf3 h5 36. Be3+ Kg6 37. a4 Bd7 38. b3 Bc6 39. Kf4
Bd7 40. h3 Bc6 41. Kg3 Bd7 42. Kf2 hxg4 43. hxg4 Kf7 44. Ke2 Ke8 45. Bg5 Bc8
46. Kd3 Kd7 47. Kd4 Kc6 48. Be7 g6 49. b4 b5 50. a5 Bb7 51. Bc5 Bc8 52. Ke3 Kd7
53. Kf4 Ke8 54. Kg5 Kf7 55. Kf4 Ke8 56. Bd4 Bb7 57. Bc3 Bc8 58. Bd2 Bb7 59. Ke3
Kd7 60. Kd4 Kc6 1/2-1/2

[Event "FSV-ch 2014"]
[Site "Offene VM 2014"]
[Date "2014.03.27"]
[Round "3.2"]
[White "Zachos, Ingo"]
[Black "Zelt, Jens"]
[Result "1/2-1/2"]
[WhiteElo "1836"]
[BlackElo "2001"]
[PlyCount "67"]
[EventDate "2014.??.??"]
[Source "Pit Schulenburg"]
[SourceDate "2014.03.06"]

1. Nf3 d6 2. c4 e5 3. d3 h6 4. g3 Nf6 5. Bg2 Be7 6. O-O O-O 7. Nc3 Nbd7 8. Rb1
Re8 9. b4 Nf8 10. b5 Bd7 11. Nd2 Qc8 12. Re1 Bh3 13. Bf3 Ne6 14. Nde4 Nxe4 15.
Bxe4 Ng5 16. Bh1 Ne6 17. Ne4 f5 18. Nc3 f4 19. Ne4 Rf8 20. Bb2 Kh8 21. e3 fxg3
22. hxg3 Ng5 23. Nxg5 Bxg5 24. Be4 Bg4 25. Bxb7 Bxd1 26. Bxc8 Bc2 27. Bb7 Rab8
28. Be4 Bxb1 29. Rxb1 Rf7 30. Bd5 Rf5 31. Be4 Rf7 32. Bd5 Rf5 33. Be4 Rf7 34.
Bd5 1/2-1/2

[Event "FSV-ch 2014"]
[Site "Offene VM 2014"]
[Date "2014.03.27"]
[Round "3.3"]
[White "Brendemühl, Bernd"]
[Black "Lauche, Christoph"]
[Result "1/2-1/2"]
[WhiteElo "1962"]
[BlackElo "1907"]
[PlyCount "99"]
[EventDate "2014.??.??"]
[Source "Pit Schulenburg"]
[SourceDate "2014.03.06"]

1. e4 c5 2. Nf3 Nc6 3. d4 cxd4 4. Nxd4 e5 5. Nb5 d6 6. N1c3 a6 7. Na3 Nf6 8.
Bg5 b5 9. Nd5 Be7 10. Nxe7 Qxe7 11. Bd3 h6 12. Bh4 O-O 13. O-O g5 14. Bg3 Be6
15. c3 d5 16. Qe2 d4 17. c4 b4 18. Nc2 a5 19. a4 Nd7 20. b3 Nc5 21. Rab1 f6 22.
Ne1 Nb8 23. h4 Nbd7 24. f3 Rf7 25. Bf2 Rg7 26. g4 h5 27. gxh5 g4 28. Kh2 Kh8
29. Bg3 gxf3 30. Nxf3 Rag8 31. Rg1 Bg4 32. Qf1 Bxf3 33. Qxf3 f5 34. Bf2 Nxd3
35. Qxd3 Nc5 36. Qd2 fxe4 37. Qh6+ Rh7 38. Rxg8+ Kxg8 39. Rg1+ Rg7 40. Rg6 Rxg6
41. hxg6 Qg7 42. Qg5 Ne6 43. Qf5 Nf4 44. Bxd4 Nxg6 45. Bf2 Nf4 46. Bg3 e3 47.
Bxf4 exf4 48. Qxf4 Qb2+ 49. Kg3 Qxb3 50. Qg5+ {(=)} 1/2-1/2

[Event "FSV-ch 2014"]
[Site "Offene VM 2014"]
[Date "2014.03.27"]
[Round "3.4"]
[White "Dieckmann, Rudolf"]
[Black "Kemna, Martin"]
[Result "0-1"]
[WhiteElo "1616"]
[BlackElo "1941"]
[PlyCount "98"]
[EventDate "2014.??.??"]
[Source "Pit Schulenburg"]
[SourceDate "2014.03.06"]

1. d4 Nf6 2. c4 d6 3. Nc3 g6 4. e4 Nc6 5. h3 e5 6. d5 Ne7 7. Nf3 Bg7 8. Be3 O-O
9. Be2 Ne8 10. O-O h6 11. Qd2 Kh7 12. Nh2 g5 13. c5 f5 14. exf5 Bxf5 15. Bd3
Qd7 16. Rac1 Ng6 17. Ne4 Nf4 18. Bxf4 gxf4 19. cxd6 cxd6 20. Rc2 Kh8 21. Rfc1
Bf6 22. Nxf6 Rxf6 23. Bxf5 Qxf5 24. Ng4 Rg6 25. f3 h5 26. Nf2 Nf6 27. Qd3 Qxd3
28. Nxd3 Nxd5 29. Rc8+ Rxc8 30. Rxc8+ Rg8 31. Rxg8+ Kxg8 32. Kf2 h4 33. Ke2 Kf7
34. Ne1 Ke6 35. a3 Ne3 36. b3 d5 37. Kd3 b5 38. Kc3 a5 39. Kd3 Kf5 40. Kc3 Ke6
41. Kd3 b4 42. axb4 axb4 43. Nc2 Nxc2 44. Kxc2 e4 45. fxe4 dxe4 46. Kd2 Ke5 47.
Ke2 Kd4 48. Kd2 f3 49. gxf3 exf3 0-1

[Event "FSV-ch 2014"]
[Site "Offene VM 2014"]
[Date "2014.03.27"]
[Round "3.5"]
[White "Reinacher, Detlev"]
[Black "Sack, Thomas"]
[Result "1/2-1/2"]
[WhiteElo "1565"]
[BlackElo "1852"]
[PlyCount "56"]
[EventDate "2014.??.??"]
[Source "Pit Schulenburg"]
[SourceDate "2014.03.06"]

1. e4 d6 2. d3 Nf6 3. Nf3 c6 4. g3 Bg4 5. Bg2 e5 6. O-O Nbd7 7. Nbd2 Be7 8. c3
d5 9. Qc2 Qb6 10. exd5 cxd5 11. Re1 Qe6 12. Nb3 h5 13. Bf4 Bxf3 14. Bxf3 Qf5
15. Qe2 O-O-O 16. Bxe5 Nxe5 17. Qxe5 Qxf3 18. Qxe7 h4 19. Re3 Qf5 20. Nc5 Nd7
21. Nxd7 Rxd7 22. Qc5+ Kb8 23. Rae1 Rdd8 24. Re7 Ka8 25. Qc7 Rb8 26. Qe5 Qxd3
27. Re8 Rhxe8 28. Qxe8 Qf3 1/2-1/2

[Event "FSV-ch 2014"]
[Site "Offene VM 2014"]
[Date "2014.03.27"]
[Round "3.6"]
[White "Reschop, Romano"]
[Black "Schütz, Ralf"]
[Result "1-0"]
[WhiteElo "1704"]
[BlackElo "1831"]
[PlyCount "51"]
[EventDate "2014.??.??"]
[Source "Pit Schulenburg"]
[SourceDate "2014.03.06"]

1. d4 Nf6 2. c4 e6 3. Nf3 d5 4. Nc3 Bb4 5. Qc2 c5 6. cxd5 exd5 7. e3 c4 8. Be2
Nc6 9. O-O O-O 10. Nd2 a6 11. Bf3 Ba5 12. a3 Qd6 13. b4 Bc7 14. g3 b5 15. Bg2
g6 16. Ne2 Bg4 17. f3 Bf5 18. e4 dxe4 19. fxe4 Nxd4 20. Nxd4 Qxd4+ 21. Kh1 Nxe4
22. Bxe4 Bxe4+ 23. Nxe4 Qxa1 24. Nf6+ Kg7 25. Bh6+ Kxh6 26. Rxa1 1-0

[Event "FSV-ch 2014"]
[Site "Offene VM 2014"]
[Date "2014.04.10"]
[Round "3.7"]
[White "Bommert, Christian"]
[Black "Jähnicke, Karl-Heinz"]
[Result "1-0"]
[WhiteElo "1770"]
[BlackElo "1743"]
[PlyCount "127"]
[EventDate "2014.??.??"]
[Source "Pit Schulenburg"]
[SourceDate "2014.03.06"]

1. f4 d5 2. Nf3 Nf6 3. g3 g6 4. Bg2 Bg7 5. O-O O-O 6. d3 c6 7. c3 Nbd7 8. Qe1
Ng4 9. h3 Qb6+ 10. e3 Nh6 11. Kh2 Nc5 12. Qe2 Bf5 13. Rd1 Qa6 14. Bf1 Nb3 15.
axb3 Qxa1 16. Na3 c5 17. Qc2 Qa2 18. e4 Be6 19. e5 a6 20. g4 b5 21. Bd2 b4 22.
cxb4 cxb4 23. Bxb4 Rfc8 24. Bc3 Rab8 25. Nd4 Rc7 26. Nb1 Rbc8 27. Bg2 Kh8 28.
Qd2 g5 29. Bb4 gxf4 30. Nc3 Rxc3 31. Bxc3 Bxe5 32. Qe1 f6 33. Bf3 Bxd4 34. Bxd4
Rc6 35. Qb4 Ng8 36. Bc3 Rc8 37. Re1 d4 38. Qxd4 Qxb3 39. Qxf4 Rd8 40. Be4 Bd5
41. Qf5 Qc2+ 42. Kg1 Bxe4 43. dxe4 Rd3 44. Qf1 Rg3+ 45. Kh1 a5 46. e5 a4 47.
exf6 Rxc3 48. bxc3 exf6 49. c4 a3 50. Qe2 Qc3 51. Kg2 a2 52. Qf1 Qb2+ 53. Kg3
Qc3+ 54. Kh4 Kg7 55. Rc1 Qd4 56. Ra1 Qb2 57. Qe1 f5 58. c5 Qf6+ 59. g5 Qd4+ 60.
Kh5 Qxc5 61. Rxa2 f4 62. Qa1+ Kf7 63. Ra7+ Ne7 64. Qf6+ 1-0